AFJP - Medición y evaluación de la performance financiera (Registro nro. 18409)

Detalles MARC
000 -LEADER
fixed length control field 00390 a2200109 4500
001 - CONTROL NUMBER
control field ART_42763
005 - DATE AND TIME OF LATEST TRANSACTION
control field 20260410161737.0
008 - FIXED-LENGTH DATA ELEMENTS--GENERAL INFORMATION
fixed length control field 260409a
100 1# - MAIN ENTRY--PERSONAL NAME
Personal name Marcel, Alberto E.
245 10 - TITLE STATEMENT
Title AFJP - Medición y evaluación de la performance financiera
773 0# - HOST ITEM ENTRY
Title Ejecutivos de finanzas
Related parts Necesidad de reconversión de las Pymes - Año 13, Nº 133 (mar. 1997)
Record control number REV2863

No hay ítems disponibles.